[Event "Seefeld2004"]
[Site "?"]
[Date "2004.10.26"]
[Round "9"]
[White "Rotstein, Arkadij"]
[Black "Sucher, Johannes"]
[Result "1-0"]
[WhiteElo "2428"]
[BlackElo "2267"]
[Annotator "ChessOrg"]
[PlyCount "85"]
[EventDate "2004.09.20"]
[SourceDate "2004.09.20"]

1. e4 d5 2. exd5 Nf6 3. d4 Bg4 4. Be2 Bxe2 5. Qxe2 Qxd5 6. Nf3 e6 7. O-O Nbd7
8. c4 Qe4 9. Be3 Bd6 10. Nc3 Qf5 11. Nb5 a6 12. Nxd6+ cxd6 13. Bd2 d5 14. Bb4
dxc4 15. Qxc4 Qd5 16. Qc7 a5 17. Bd6 Ne4 18. Bf4 O-O 19. Rac1 h6 20. Rfe1 Rfd8
21. h3 Ndf6 22. Be5 Ne8 23. Qe7 Rd7 24. Qa3 b6 25. Rc2 Qb7 26. Rec1 Rad8 27.
Qa4 N4f6 28. Rc6 Nd5 29. Qb5 Nec7 30. Qe2 Qa6 31. Qe4 Ne8 32. a3 Nd6 33. Qg4
Nf5 34. Nh4 Nde7 35. Nxf5 Nxf5 36. R1c3 g6 37. Qf4 Qb5 38. g4 g5 39. Qf3 f6 40.
gxf5 fxe5 41. fxe6 Rg7 42. Qf6 Rf8 43. Rc8 1-0